000 00309nam a22001337a 4500
008 170522b xxu||||| |||| 00| 0 eng d
020 _a9780155037793
041 _aeng
080 _23RD
_a94(4)
100 _a16
101 _aSHH
245 _aEUROPE IN THE TWENTIETH CENTURY
_cPAXTON, R.O
942 _2udc
_cBK
999 _c13634
_d13634